Architecture of a harmonized model of the growing pig for the determination of dietary net energy and protein requirements and of excretions into the environment (IMS Pig) /
Sparad:
| Huvudupphovsman: | |
|---|---|
| Övriga upphovsmän: | |
| Materialtyp: | Artikel |
| Språk: | English |
| Ämnen: | |
| Taggar: |
Lägg till en tagg
Inga taggar, Lägg till första taggen!
|
| Thư viện lưu trữ: | Thư viện Trường Đại học Đà Lạt |
|---|
| LEADER | 00947nam a2200301 4500 | ||
|---|---|---|---|
| 001 | DLU090070091 | ||
| 005 | ##20090525 | ||
| 040 | # | # | |a DLU |b eng |
| 041 | # | # | |a eng |
| 044 | # | # | |a UK |
| 100 | # | # | |a Green, D. M. |
| 245 | # | # | |a Architecture of a harmonized model of the growing pig for the determination of dietary net energy and protein requirements and of excretions into the environment (IMS Pig) / |c D. M. Green, C. T. Whittemore. |
| 653 | # | # | |a Energy |
| 653 | # | # | |a Growth |
| 653 | # | # | |a Mathematical models |
| 653 | # | # | |a Pigs |
| 653 | # | # | |a Protein |
| 700 | # | # | |a Whittemore, C. T. |
| 773 | # | # | |t Animal Science |g Vol. 77, no. 1 (August 2003), p. 113-130 |
| 920 | # | # | |a Phòng Tạp chí -- Trung tâm Thông tin - Thư viện Trường Đại học Đà Lạt |
| 994 | # | # | |a DLU |
| 900 | # | # | |a True |
| 911 | # | # | |a Trương Bảo Trâm Anh |
| 925 | # | # | |a G |
| 926 | # | # | |a A |
| 927 | # | # | |a BB |
| 980 | # | # | |a Thư viện Trường Đại học Đà Lạt |